All Australian High Court Justices Ever - Statistics

General Stats
  • This quiz has been taken 45 times
  • The average score is 19 of 57
Answer Stats
Tenure State Answer % Correct
1996 - 2009 NSW Michael D. Kirby
63%
2023 - NSW Robert Beech-Jones
56%
2012 - NSW Stephen J. Gageler
56%
1998 - 2008 NSW A. Murray Gleeson
52%
2021 - NSW Jacqueline S. Gleeson
52%
2017 - WA James J. Edelman
52%
2015 - Vic Michelle M. Gordon
52%
2007 - 2023 Qld Susan M. Kiefel
52%
1929 - 1964 Vic Sir Owen Dixon
48%
2003 - 2013 NSW J. Dyson Heydon
44%
1989 - 2005 NSW Michael H. McHugh
44%
2013 - 2022 Qld Patrick A. Keane
44%
2008 - 2017 WA Robert S. French
44%
1903 - 1920 NSW Sir Edmund "Toby" Barton
44%
1906 - 1912 Vic Sir Isaac A. Isaacs
44%
1995 - 2012 NSW William M. C. Gummow
44%
1987 - 2003 NSW Mary G. Gaudron
41%
1981 - 1998 Qld Sir Gerald G. Brennan
41%
1903 - 1919 Qld Sir Samuel W. Griffith
41%
2005 - 2015 Vic Susan M. Crennan
41%
2015 - 2020 Vic Geoffrey A. A. Nettle
37%
1997 - 2015 Vic Kenneth M. Hayne
37%
2020 - Vic Simon H. P. Steward
37%
1972 - 1995 NSW Sir Anthony F. Mason
37%
1964 - 1981 NSW Sir Garfield E. J. Barwick
37%
1982 - 1995 NSW Sir William P. Deane
37%
2009 - 2021 NSW Virginia M. Bell
37%
1972 - 1982 Vic Sir Ninian M. Stephen
33%
1913 - 1913 NSW Albert B. Piddington
30%
1998 - 2007 Qld Ian D. F. Callinan
30%
1982 - 1997 Vic Sir Daryl M. Dawson
30%
1958 - 1974 Vic Sir Douglas I. Menzies
30%
1940 - 1958 NSW Sir Dudley Williams
30%
1913 - 1935 Vic Sir Frank G. Duffy
30%
1970 - 1987 Qld Sir Harry T. Gibbs
30%
1930 - 1940 NSW Dr Herbert V. Evatt
26%
1906 - 1929 Vic Henry B. Higgins
26%
1987 - 1998 WA John L. Toohey
26%
1975 - 1986 NSW Lionel K. Murphy
26%
1903 - 1912 NSW Richard E. O'Connor
26%
1952 - 1969 NSW Sir Alan R. Taylor
26%
1913 - 1929 Qld Sir Charles Powers
26%
1913 - 1950 NSW Sir George E. Rich
26%
1920 - 1950 Vic Sir Hayden E. Starke
26%
1935 - 1952 Vic Sir John G. Latham
26%
1979 - 1989 WA Sir Ronald D. Wilson
26%
1919 - 1930 NSW Sir Adrian Knox
22%
1950 - 1970 NSW Sir Frank W. Kitto
22%
1946 - 1958 Qld Sir William F. Webb
22%
1958 - 1972 NSW Sir W. J. Victor Windeyer
22%
1930 - 1976 NSW Sir Edward A. McTiernan
19%
1961 - 1972 NSW Sir William F. L. Owen
19%
1976 - 1982 Vic Sir Keith A. Aickin
15%
1974 - 1979 NSW Sir Kenneth S. Jacobs
15%
1969 - 1973 NSW Sir Cyril A. Walsh
11%
1950 - 1961 Vic Sir Wilfred K. Fullagar
11%
2022 - NSW Jayne M. Jargot
4%
No matching quizzes found
Score Distribution
Percent of People with Each Score
Percentile by Number Answered
Your Score History
You have not taken this quiz